| 000 | 00506nam a2200181Ia 4500 | ||
|---|---|---|---|
| 001 | 11603 | ||
| 005 | 20260306162840.0 | ||
| 008 | 260306t2021||||xx |||||||||||||| ||spa|| | ||
| 041 | _aESP | ||
| 082 |
_a985.4 _bR68 |
||
| 100 |
_aRivera Oliva, Eliana, _eAUT |
||
| 245 | 0 |
_aUna joya del altiplano peruano : _bproceso de restauración de la catedral San Francisco de Asís de Ayaviri |
|
| 260 | _c2021 | ||
| 300 |
_a295 páginas : _c22 cm. |
||
| 650 | _aGEN | ||
| 654 | _aCHU | ||
| 942 |
_cLIB _dJUS _fJUS _2ddc _n |
||
| 999 |
_c11603 _d11603 |
||